| 000 | 00584nam a2200205Ia 4500 | ||
|---|---|---|---|
| 005 | 20260429112010.0 | ||
| 008 | 260429s9999||||xx |||||||||||||| ||und|| | ||
| 020 | _a9781032499680 | ||
| 041 | _aEnglish | ||
| 082 |
_a371.26 _bALO |
||
| 100 | _aAlonzo, Dennis | ||
| 245 | 0 |
_aAssessment to support learning and teaching : _bproblems and solutions / _cDennis Alonzo |
|
| 250 | _a1st ed. | ||
| 260 |
_aNew Delhi : _bRoutledge, _c2024. |
||
| 300 | _a231 p.; pbk | ||
| 650 | _a Educational evaluation | ||
| 650 | _a Teaching methods | ||
| 650 | _aLearning assessment | ||
| 942 | _cTB | ||
| 999 |
_c51816 _d51816 |
||